000 00487nam a2200193Ia 4500
999 _c14745
_d14745
003 0100
005 20180228104559.0
008 130303s9999 xx 000 0 und d
020 _a300027672
040 _cARRUPELIB
050 _aDT770.T461982
100 _aThompson, Leonard Monteath
_931330
245 _aSouth African politics /
260 _aNew Haven
_bYale University Press
_c1982
300 _axiii
300 _b 255p. 22cm.
650 _aSouth Africa
_xPolitics and government
_939664
700 _aLeonard Monteath Thompson and Andrew Prior
_939671
942 _2lcc
_cMONOGRAPH